Hravá matematika 1 : pracovní učebnice pro 1. ročník ZŠ /

Hlavní autor: Faltinová, Magdaléna
Další autoři: Pítová, Lenka, Švihlová, Zuzana
Jazyk: Čeština
Vydáno: Praha : Taktik, 2017
Vydání: 2. vydání
Témata:
Fyzický popis: 3 svazky : barevné ilustrace ; 30 cm
Odebírané svazky: 1-3
LEADER 02800nam a2200589 ia4500
001 nkc20172943592
003 CZ PrNK
005 20241129090022.0
007 ta
008 171026s2017 xr a b p 000 0 cze
015 |a cnb002943592 
020 |a 978-80-7563-095-7  |q (1. díl ;  |q brožováno) 
020 |a 978-80-7563-096-4  |q (2. díl ;  |q brožováno) 
020 |a 978-80-7563-097-1  |q (3. díl ;  |q brožováno) 
035 |a (OCoLC)1015186567 
040 |a BOA001  |b cze  |e rda 
072 7 |a 51  |x Matematika  |2 Konspekt  |9 13 
072 7 |a 37.016  |x Učební osnovy. Vyučovací předměty. Učebnice  |2 Konspekt  |9 22 
080 |a 51  |2 MRF 
080 |a (075.2)  |2 MRF 
080 |a (076.1)  |2 MRF 
100 1 |a Faltinová, Magdaléna  |7 jo2016917701  |4 aut 
245 1 0 |a Hravá matematika 1 :  |b pracovní učebnice pro 1. ročník ZŠ /  |c autoři: Magdaléna Faltinová, Lenka Pítová, Zuzana Švihlová 
246 3 |a Matematika 1 pro 1. ročník ZŠ 
246 3 0 |a Matematika 1 
250 |a 2. vydání 
264 1 |a Praha :  |b Taktik,  |c 2017 
300 |a 3 svazky :  |b barevné ilustrace ;  |c 30 cm 
336 |a text  |b txt  |2 rdacontent 
336 |a statický obraz  |b sti  |2 rdacontent 
337 |a bez média  |b n  |2 rdamedia 
338 |a svazek  |b nc  |2 rdacarrier 
500 |a Názvy z obálek 
500 |a V souladu s RVP ZV 
500 |a Přílohy všity uprostřed publikací 
505 0 |a 1. díl. Sčítání a odčítání v oboru čísel do 8. 44 stran + 2 nečíslované listy obrazových příloh -- 2. díl. Sčítání a odčítání v oboru čísel do 20 bez přechodu přes základ 10 / Lenka Pítová, Zuzana Švihlová. 40 stran + 2 nečíslované listy obrazových příloh -- 3. díl. Sčítání a odčítání v oboru čísel do 20 s přechodem přes základ 10 : pracovní učebnice pro 1. nebo 2. ročník ZŠ / Zuzana Švihlová. 24 stran + 2 nečíslované listy obrazových příloh 
650 0 7 |a matematika  |7 ph117231  |2 czenas 
650 0 9 |a mathematics  |2 eczenas 
655 7 |a učebnice základních škol  |7 fd133773  |2 czenas 
655 7 |a pracovní sešity  |7 fd133116  |2 czenas 
655 9 |a textbooks (elementary)  |2 eczenas 
655 9 |a activity books  |2 eczenas 
700 1 |a Pítová, Lenka  |7 mzk2016906757  |4 aut 
700 1 |a Švihlová, Zuzana  |7 jo2016916842  |4 aut 
910 2 |a BOA001  |b 4-1396.444  |s 1-3 
928 9 |a Taktik International 
990 |a BK 
995 |a 01 
991 |b 201711  |c NOV 
996 6 |b 2610722955  |c 4-1396.444  |d 1. díl  |v 1  |l MZK  |r Sklad / do 1 hodiny  |n 3  |p p.v.  |w 001637252  |u 000010  |a 1  |e BOA001  |j MZK50  |s P 
996 6 |b 2610722956  |c 4-1396.444  |d 2. díl  |v 2  |l MZK  |r Sklad / do 1 hodiny  |n 2  |p p.v.  |w 001637252  |u 000020  |a 1  |e BOA001  |j MZK50  |s P 
996 6 |b 2610722957  |c 4-1396.444  |d 3. díl  |v 3  |l MZK  |r Sklad / do 1 hodiny  |n 2  |p p.v.  |w 001637252  |u 000030  |a 1  |e BOA001  |j MZK50  |s P